000 00269nam a22000977a 4500
999 _c514982
_d514982
082 _aTNC A99 V819
100 _aVirupakshappa,B.
_920015
245 _aAllama Prabhu
_bHis life and message
_cby B.Virupakshappa
260 _aBangalore
_bBasava Samithi
_c25003
300 _a161p.